Statistics for Rugby League - Australian NRL teams

Click here to take the quiz!

General Stats

  • This quiz has been taken 535 times
  • The average score is 15 of 16

Answer Stats

Hint Answer % Correct
ParramattaEels
98%
BrisbaneBroncos
97%
MelbourneStorm
97%
WestsTigers
96%
SydneyRoosters
95%
Cronulla-SutherlandSharks
95%
North QueenslandCowboys
94%
St George IllawarraDragons
94%
NewcastleKnights
94%
PenrithPanthers
94%
Canterbury-BankstownBulldogs
93%
South SydneyRabbitohs
93%
CanberraRaiders
93%
Manly-WarringahSea Eagles
93%
New ZealandWarriors
93%
Gold CoastTitans
92%

Score Distribution

Percentile by Number Answered

Percent of People with Each Score

Your Score History

You have not taken this quiz